| 000 | 00654cam a22002294a 4500 | ||
|---|---|---|---|
| 003 | UPN | ||
| 005 | 20220607120037.0 | ||
| 008 | 100614s2005 es r 000 f spa d | ||
| 020 | _a848980494X | ||
| 035 | _aUPN01000176492 | ||
| 040 |
_aUPN _bspa _cUPN |
||
| 049 | _aCG | ||
| 050 | 4 |
_aPA5610 Z3.7 _bC6.6 |
|
| 100 | 1 |
_aZei, Alki, _d1925- _930307 |
|
| 245 | 1 | 0 |
_aConstandina y las telarañas / _cAlki Zei ; traducción del griego María Recuenco Peñalver. |
| 260 |
_aSalamanca, Esp. : _bLóguez, _c2005. |
||
| 300 | _a185 p. | ||
| 490 | 0 | _aLa joven colección | |
| 650 | 4 |
_aLiteratura griega moderna _916162 |
|
| 905 | _aLibro | ||
| 942 |
_2lcc _cLIBRO |
||
| 999 |
_c148595 _d148595 |
||